| 000 -LEADER |
| fixed length control field |
00872nam a22002297a 4500 |
| 003 - CONTROL NUMBER IDENTIFIER |
| control field |
OSt |
| 005 - DATE AND TIME OF LATEST TRANSACTION |
| control field |
20230801114759.0 |
| 008 - FIXED-LENGTH DATA ELEMENTS--GENERAL INFORMATION |
| fixed length control field |
230801b ||||| |||| 00| 0 eng d |
| 020 ## - INTERNATIONAL STANDARD BOOK NUMBER |
| International Standard Book Number |
9789671967645 |
| 040 ## - CATALOGING SOURCE |
| Transcribing agency |
KH8 |
| 082 ## - DEWEY DECIMAL CLASSIFICATION NUMBER |
| Classification number |
400 SYA |
| 100 ## - MAIN ENTRY--PERSONAL NAME |
| Personal name |
Syahril Othman, |
| Relator term |
author. |
| 245 ## - TITLE STATEMENT |
| Title |
IGCSE Malay Listening : |
| Remainder of title |
Student. Volume 4 / |
| Statement of responsibility, etc. |
Syahril Othman. |
| 250 ## - EDITION STATEMENT |
| Edition statement |
First edition |
| 260 ## - PUBLICATION, DISTRIBUTION, ETC. |
| Place of publication, distribution, etc. |
Malaysia: |
| Name of publisher, distributor, etc. |
Syahril Education Enterprise |
| 300 ## - PHYSICAL DESCRIPTION |
| Extent |
132 pages, |
| Other physical details |
illustrations: |
| Dimensions |
29.3 cm x 20.3 cm. |
| 440 ## - SERIES STATEMENT/ADDED ENTRY--TITLE |
| Title |
IGCSE Malay Listening |
| Volume/sequential designation |
4 |
| 520 ## - SUMMARY, ETC. |
| Summary, etc. |
All of these IGCSE Malay workbooks are suitable for all students who are taking lessons based on the Malay IGCSE syllabus. The format designed is able to help students to enhance their skills in producing exam-based. |
| 651 ## - SUBJECT ADDED ENTRY--GEOGRAPHIC NAME |
| Geographic name |
Malaysia |
| Form subdivision |
Malay language |
| 651 ## - SUBJECT ADDED ENTRY--GEOGRAPHIC NAME |
| Geographic name |
Malaysia |
| Form subdivision |
Malay grammar |
| 942 ## - ADDED ENTRY ELEMENTS (KOHA) |
| Source of classification or shelving scheme |
|
| Koha item type |
Teaching Resources |